| 000 | 01536nam a2200373 a 4500 | ||
|---|---|---|---|
| 001 | 37397 | ||
| 003 | BD-RjUL | ||
| 005 | 20211209052615.0 | ||
| 008 | 15 s2008 caua b 001 0 eng | ||
| 020 | _a9780787996147 (hdbk.) | ||
| 020 | _a0787996149 (hdbk.) | ||
| 035 | _a(OCoLC)ocn225874161 | ||
| 035 |
_a(OCoLC)225874161 _a(BD-RjUL)37501 |
||
| 040 |
_aDNLM/DLC _cDLC _dNLM _dBTCTA _dBAKER _dUKM _dYDXCP _dOCLCG _dC#P _dBWX _dCOU _dCDX _dDLC _dBD-RjUL _beng |
||
| 041 | _aeng | ||
| 082 | 0 | 0 |
_a613 _222 _bHEA 2008 |
| 245 | 0 | 0 |
_aHealth behavior and health education : _btheory, research, and practice / _cKaren Glanz, Barbara K. Rimer, K. Viswanath, editors ; foreword by C. Tracy Orleans. |
| 250 | _a4th ed. | ||
| 260 |
_aSan Francisco, CA : _bJossey-Bass, _cc2008. |
||
| 300 |
_axxxiii, 552 p. : _bill. ; _c25 cm. |
||
| 504 | _aIncludes bibliographical references and indexes. | ||
| 505 | 0 | _aPart one: Health education and health behavior: the foundations -- The scope of health behavior and health education / The editors -- Theory, research, and practice in health behavior and health education / The editors -- | |
| 650 | 0 |
_aHealth behavior. _9114753 |
|
| 650 | 0 |
_aHealth education. _9114754 |
|
| 650 | 0 |
_aHealth promotion. _9114755 |
|
| 650 | 1 | 2 |
_aHealth Behavior. _9114756 |
| 650 | 2 | 2 |
_aHealth Education. _9114757 |
| 700 | 1 |
_aGlanz, Karen. _9114758 |
|
| 700 | 1 |
_aRimer, Barbara K. _9114759 |
|
| 700 | 1 |
_aViswanath, K. _q(Kasisomayajula) _9114760 |
|
| 942 |
_2ddc _cBK |
||
| 999 |
_c37397 _d37397 |
||